Music Quiz

Random Music or Rap Quiz
Score 0/25 Timer 06:00
0 Plays Today
% Correct
Simon & Garfunkel
73.2%
Pearl Jam
61%
The Black Crowes
51.2%
Kiss
36.6%
Red Hot Chili Peppers
36.6%
Maroon 5
31.7%
Creedence Clearwater Revival
29.3%
Beach Boys
26.8%
The Roots
24.4%
Radiohead
24.4%
Queen
22%
Lamb of God
22%
Black Sabbath
22%
% Correct
Blue Öyster Cult
19.5%
Green Day
17.1%
Beastie Boys
14.6%
Creed
14.6%
Sugar Ray
12.2%
Def Leppard
9.8%
Finger Eleven
9.8%
The Cure
7.3%
Pink Floyd
7.3%
Doobie Brothers
7.3%
Bones Thugs-n-Harmony
4.9%
Earth, Wind and Fire
4.9%

You're not logged in!

Compare scores with friends on all Sporcle quizzes.
OR
Log In

Sporcle TV

Today on Sporcle TV


Watch our educational content, quiz creation guides, and fun videos on Sporcle TV.

Show Comments

Extras

Top Quizzes Today


Score Distribution

Paid Content

Your Account Isn't Verified!

In order to create a playlist on Sporcle, you need to verify the email address you used during registration. Go to your Sporcle Settings to finish the process.

Report this User

Report this user for behavior that violates our Community Guidelines.

Details: